=LDR 00000nam 2200000 4500 =001 INLIS000000000021680 =005 20130612120521 =008 ***********************************Ind** =035 ##$$0010-061300000021680 =041 ##$$a Ind =082 ##$$a 378.36 =090 ##$$a 378.36, Nug k =100 ##$$a Nugroho, Adi =245 ##$$a Kiat usaha sambilan mahasiswa, aktif studi, pintar berusaha mandiri, Adi Nugroho =260 ##$$a 1996 $b Yogyakarta =300 ##$$a 200 hlm, ilus, 22 cm =650 ##$$a Mahasiswa - Pekerjaan =850 ##$$a NBPNMAT